000 00484nam a2200205Ia 4500
005 20240823012804.0
008 240823s9999||||xx |||||||||||||| ||und||
020 _a0-538-07290-3
041 _aENGLISH
082 _A658.11 M4
100 _aBurrow
245 0 _aBusiness Principles and Management
250 _a8th
260 _c1984
_bSouth-western Pub
500 _aYES
650 _aManagement
_bManagement Studies
700 _a Everard
942 _cBK
999 _c165404
_d165404